| 000 | 00475cam a2200169 a 4500 | ||
|---|---|---|---|
| 020 | _a0137595808 | ||
| 040 | _cDLC | ||
| 082 | 0 | 0 | _a344 SOK 1998 C162 Or. |
| 100 | 1 | _aShilling, Dana | |
| 245 | 1 | 4 | _aThe complete guide to human resources and the law / |
| 246 | 3 | 0 | _aHuman resources and the law |
| 260 |
_aParamus, NJ : _bPrentice Hall, _cc1998 |
||
| 300 |
_axix, 628 p. ; _c24 cm |
||
| 650 | 0 | _aLabor laws and legislation | |
| 650 | 0 | _aPersonnel management | |
| 942 | _cAEDBB | ||
| 999 |
_c19302 _d19302 |
||